000 00643nam a22001817a 4500
999 _c15747
_d15747
003 AR-CdUCM
008 190429b ||||| |||| 00| 0 spa d
040 _aMUNICIPALIDAD PROVINCIAL DEL CUSCO
_cBIBLIOTECA MUNICIPAL DEL CUSCO
082 _aC / 617.6 /
_bC966
110 _aCentro Regional de Ayuda Técnica
_910048
245 _aComo cuidar los dientes de sus hijos /
260 _aMexico :
_bCRAT,
_c1974.
300 _a14 páginas ;
_c16 cm.
505 _aComo cuidar los dientes a sus hijos -- El cuidado de dientes de los bebes -- La dentición puede molestar...
650 _aDientes.
_934949
942 _2ddc
_cFOLLETOS
945 _awfj